Statistiche per Riconosci lo Stato - Quiz n°35

Clicka qui per fare il quiz!

Statistiche generali

  • Questo quiz è stato fatto 18 volte
  • Il punteggio medio è 10 su 13

Statistiche sulle risposte

IndizioRisposta% Corretto
Presidente della RepubblicaFélix Tshisekedi
94%
ValutaFranco
94%
Iniziale della CapitaleK
94%
Primo ministroJean-Michel Sama Lukonde
82%
Indipendenza30 giugno 1960 dal Belgio
71%
Popolazione91 640 540 ab.
71%
Forma di GovernoRepubblica semipresidenziale
71%
Fuso OrarioUTC+1, UTC+2
71%
ISU0,433
65%
Superficie2 345 410 km²
65%
PIL (nominale)64 795 milioni di $
65%
Tasso di crescita3,19%
59%
RispostaRepubblica Democratica del Congo
59%

Distribuzione punteggi

Percentile per numero di risposta

Percentuale di utenti per punteggio

I tuoi punteggi nel tempo

Non hai fatto questo quiz